000 02227nam a2200337 i 4500
001 768714001
003 CO-MdFUSB
005 20210414084651.0
007 ta
008 200616t2007 -us |||| |||| 00| 0 eng d
020 _a9781868422623
040 _aCO-MdFUSB
_bspa
_cCO-MdFUSB
_dCO-MdFUSBC
_erda
041 _aeng
082 _223
_a324.268083
_bF299
100 _aFeinstein, Andrew
_d1964 -
_eautor
245 _aAfter the party
_b: a personal and political journey inside the ANC
_c/ Andrew Feinstein
264 1 _aEstados Unidos :
_bJonathan Ball Publishers,
_c[2007]
264 4 _c© 2007
300 _c287 páginas ;
_a24 cm
336 _2rdacontent
_atexto
_btxt
337 _2rdamedia
_asin mediación
_bn
338 _2rdacarrier
_avolumen
_bnc
505 _aPolíticas tempranas - Una estación blanca seca - Agitaciones de cambio - Hacia la nueva Jerusalén - Que reine la libertad - Lugar de oro - Una ventana al mundo - Llamada de Ciudad del Cabo - Surge un africano - Sobre el ser judío - por fin en casa - Política normal - El camarada Bob y "los perros y los cerdos" - Muerte de política - Una historia que tenía que ser contada - Programada para la corrupción - Después de la fiesta - Una casa inacabada - Di la verdad al poder - Notas - Bibliografía seleccionada - Índice
520 2 _aAfter the Party es la historia explosiva de las luchas de poder que dominan la política sudafricana y un análisis crucial del historial del ANC en el poder. Andrew Feinstein, un ex miembro del parlamento del ANC, descubre una red de corrupción para rivalizar con Watergate, revelando una red de encubrimiento y corrupción que involucra a políticos, funcionarios y figuras de alto nivel en el más alto nivel de la política sudafricana. Con un relato interno de los eventos que rodearon el contencioso juicio del colorido presidente de Sudáfrica, Jacob Zuma, y ​​la tragedia en curso en Zimbabwe, After the Party ha sido aclamado como el libro más importante sobre Sudáfrica desde el fin del apartheid.
563 _aRústico
653 _aCongreso Nacional Africano.
653 _aSudáfrica - Política y gobierno - 1994-
942 _cBK
945 _aDani
999 _c66128
_d66128